| 000 | 01594nam1a2200385 i 4500 | ||
|---|---|---|---|
| 001 | RU\NLR\BIBL_A\012611044 | ||
| 005 | 20260406150150.0 | ||
| 010 | _a9785775542504 | ||
| 035 | _a(NLR Aleph) 012611044 | ||
| 090 |
_a12610032 _c12610032 |
||
| 100 | _a20211005g20219999u y0rusy50 ca | ||
| 101 | 0 | _arus | |
| 102 | _aRU | ||
| 105 | _a j | ||
| 181 | 0 |
_ai _baxxe |
|
| 182 | 0 | _an | |
| 200 | 1 |
_aЭкономика _dEconomics _eучебник для 10-11 классов общеобразовательных организаций _eбазовый уровень _eв 2-х книгах _fИ. В. Липсиц, Е. В. Савицкая _zeng |
|
| 203 |
_aТекст _bвизуальный _cнепосредственный |
||
| 205 | _a2- е изд. | ||
| 210 |
_aМосква _cВита Пресс _d2021 |
||
| 215 | _d24 | ||
| 333 | _a18+ | ||
| 510 | 1 |
_6z22790 _aEconomics _zeng |
|
| 606 | 1 |
_aЭкономика _jУчебники для средней школы _xТеория _91565397 _3RU\NLR\AUTH\66985247 |
|
| 686 | 1 | _aУ010я72 | |
| 700 | 1 |
_8rus _7ca _aЛипсиц _bИ. В. _f1950- _gИгорь Владимирович _3RU\NLR\AUTH\774795 _9114770 |
|
| 701 | 1 |
_aСавицкая _bЕ. В. _gЕлена Владиславовна |
|
| 790 | 1 |
_6z22 _aLipsic _bI. V. _f1950- _gIgor' Vladimirovič |
|
| 790 | 1 |
_6z22 _6z22510 _aSavickaja _bE. V. _gElena Vladislavovna |
|
| 852 |
_aNLR _b2021-7/5948 |
||
| 942 | _cBOOK | ||
| 980 | _aIA | ||
| 996 |
_aиноагент _bp _cЛипсиц Игорь Владимирович |
||